Trouver la lettre d'après - Statistiques

Statistiques générales
  • Ce quiz a été pris 243 fois
  • Le résultat moyen est 24 sur 25
Statistiques - réponses
Hint Réponse % Correct
C D
97%
B C
96%
D E
96%
F G
96%
H I
96%
I J
96%
J K
96%
V W
96%
W X
96%
A B
95%
K L
95%
L M
95%
M N
95%
N O
95%
O P
95%
R S
95%
T U
95%
Y Z
95%
E F
94%
G H
94%
P Q
94%
Q R
94%
S T
94%
X Y
94%
U V
93%
Aucun quiz correspondant
Distribution des résultats
% des personnes avec chaque résultat
Percentile par nombre de réponses
Votre historique - résultats
Vous n’avez pas pris ce quiz